000 01150nac a22003497a 4500
001 BR8303359
003 BR-BrBNA
005 20240105115753.0
008 230509b bl.|||m| |||| 00| 0 por d
040 _aBR-BrBNA
_bpor
_cBiblioteca Nacional de Agricultura
072 _aF00
090 _a2320 BR8303359
100 1 _aDiniz, T.D. de A.S.
100 1 _aDuarte, M. de L.R.
100 1 _aBastos, T.X.
100 1 _aKobayashi, L.T.
100 1 _aSilva, M.M.M. da
110 1 _aCentro de Pesquisa Agropecuaria do Tropico Umido, Belem, PA (Brasil)
245 1 _aAvaliacao preliminar do comportamento agroclimatico de cultivares de pimenta-do-reino em Belem, Para [Piper nigrum, Brasil]
260 3 _aBelem, PA (Brasil):
_c1983.
300 _a2 p.
490 _aPesquisa em Andamento - Centro de Pesquisa Agropecuaria do Tropico Umido (Brazil)
_vno. 102
_xISSN 0101-5613
650 _aPIMENTA DO REINO
650 _aVARIEDADE
650 _aCLIMA
650 _aFENOLOGIA
650 _aCOMPORTAMENTO DE VARIEDADE
650 _aBELEM
650 _aPARA
909 _a202312
_bLúcia Elande
_c55
_dLúcia Elande
942 _2AGRIS
_n0
_cMS
999 _c276310
_d276310